ბათუმის შოთა რუსთაველის სახელმწიფო უნივერსიტეტის ბიბლიოთეკა

დედაო - ჩემო ქედაო : (ბიბ.ჩანაწერი № 59642)

000 -ლიდერი
ფიქსირებული სიგრძის საკონტროლო ველი 00875nam a22001817a 4500
003 - საკონტროლო ნომრის იდენტიფიკატორი
საკონტროლო ველი Ge_BSU
005 - ბოლო ოპერაციის თარიღი და დრო
საკონტროლო ველი 20230328103136.0
008 - ფიქსირებული სიგრძის მონაცემთა ელემენტები - ზოგადი ინფორმაცია
ფიქსირებული სიგრძის საკონტროლო ველი 230328s2022 ge ||||| |||| 00| 0 geo d
041 ## - ენის კოდი
Language code of text/sound track or separate title geo
080 ## - უნივერსალური ათობითი კლასიფიკაციის ინდექსი
Universal Decimal Classification number 94(479.223):929(479.22) ა-14
100 ## - მთავარი ჩანაწერი - პიროვნების სახელი
Personal name აბაშიძე, შალვა
9 (RLIN) 13018
245 ## - ცნობა სათაურის შესახებ
Title დედაო - ჩემო ქედაო :
Remainder of title (ქედის ისტორია 1921 წლიდან დღემდე). [მონოგრაფია]. ნაწილი 2 /
Statement of responsibility, etc შალვა აბაშიძე ; მთ. რედაქტორი თამაზ აბულაძე.
264 ## - წარმოების, გამოცემის, დისტრიბუციის და სხვა ცნობები
გამოცემის, წარმოების, დისტრიბუციის... ადგილი [თბილისი]:
გამოცემის, წარმოების, დისტრიბუციის... სახელწოდება [საჩინო],
გამოცემის, წარმოების, დისტრიბუციის... თარიღი 2022.
300 ## - ფიზიკური აღწერა
Extent 515 გვ.:
Other physical details სურ.;
Dimensions 30 სმ.
653 ## - INDEX TERM--UNCONTROLLED
Uncontrolled term ქედის ისტორია
700 ## - ADDED ENTRY--PERSONAL NAME
Personal name აბაშიძე, შალვა
9 (RLIN) 13018
942 ## - ADDED ENTRY ELEMENTS (KOHA)
Source of classification or shelving scheme
Koha item type წიგნი
ეგზემპლარები
ჩამოწერის სტატუსი დაკარგული ეგზემპლარის სტატუსი კლასიფიკაციის წყარო ან თაროზე გაწყობის სქემა დაზიანების სტატუსი არ გაიცემა მუდმივი მდებარეობა (დაცვის ადგილი) ამჟამინდელი ადგილსამყოფელი თაროზე განთავსების ადგილი შეძენის თარიღი ღირებულება, შესყიდვის ნორმალური ფასი სრული შენახვის შიფრი შტრიხკოდი ბოლო ოპერაციის თარიღი ეგზემპლარის მიმდევრობითი ნომერი (კეტერი?) ფასის ძალაში შესვლის თარიღი ეგზემპლარის სახეობა საჯარო შენიშვნა
          ბათუმის შოთა რუსთაველის სახელმწიფო უნივერსიტეტის მთავარი ბიბლიოთეკა ბათუმის შოთა რუსთაველის სახელმწიფო უნივერსიტეტის მთავარი ბიბლიოთეკა წიგნსაცავი 2023-03-28 15.00 94(479.223):929(479.22) ა-14 64072 2023-03-28 64072 2023-03-28 წიგნი 15 ლ.